Normal view
MARC view
- Dagostino, Frank R.
Entry Personal Name
001 - CONTROL NUMBER
- control field: 120604
003 - CONTROL NUMBER IDENTIFIER
- control field: NUST
005 - DATE AND TIME OF LATEST TRANSACTION
- control field: 20240216091135.0
008 - FIXED-LENGTH DATA ELEMENTS
- fixed length control field: 240216|| aca||aabn | a|a d
040 ## - CATALOGING SOURCE
- Original cataloging agency: NUST
- Transcribing agency: NUST
100 ## - HEADING--PERSONAL NAME
- Personal name: Dagostino, Frank R.
- Title of a work: Mechanical and electrical systems in construction and architecture
670 ## - SOURCE DATA FOUND
- Source citation: Work cat.: (NUST): Wujek, Joseph B. 120603, Mechanical and electrical systems in architecture, engineering, and construction /, c2010.
